000 00466nam a2200181Ia 4500
008 240729s9999 xx 000 0 und d
022 _a1083-351X
245 0 _aJournal of Biological Chemistry
260 _aUnited States
260 _bElsevier
650 _a Biochemistry
650 _a Chemistry
650 _a Organic chemistry
650 _aScience
856 _uhttps://doaj.org/toc/75844ed25a2249039bd9c32da9b5f22b
942 _2ddc
942 _cDOAJEJ
999 _c71919
_d71919
945 _a1
_bMadushi Gamage
_c1
_dMadushi Gamage